| 000 | 00840nam a2200277Ia 4500 | ||
|---|---|---|---|
| 001 | Para_3830 | ||
| 003 | CHAP | ||
| 008 | 220125s1939 xx 000 0 und d | ||
| 010 | _a202351 | ||
| 040 | _cCHAP | ||
| 090 | _aPA FOLLETO 1051 | ||
| 100 |
_aSchoonover, Warren R _9103142 |
||
| 245 |
_aProtection of orchards againts frost / _c Warren R. Schoonover, F. A. Brooks and H. B. Walker |
||
| 260 |
_aBerkeley, Cal. : _b University of California |
||
| 300 | _a70 p. | ||
| 440 |
_aCalifornia Agr. Ext. Serv. Circular; 111 _9167500 |
||
| 650 |
_aHeladas _x Efecto en plantas _953402 |
||
| 700 |
_aBrooks, F. A. Walke, H. B. _9167501 |
||
| 901 | _aPA FOLLETO 1051 | ||
| 902 | _aA | ||
| 905 | _a0000001939 BER 0000000000 00 | ||
| 910 | _a1939 | ||
| 942 | _cPARA | ||
| 942 |
_cPARA _d1 |
||
| 999 |
_c202351 _d202351 |
||